Normal view
MARC view
Entry Nombre personal
001 - NÚMERO DE CONTROL
- campo de control: 30237
003 - IDENTIFICADOR DEL NÚMERO DE CONTROL
- campo de control: BNPHU
005 - FECHA Y HORA DE LA ÚLTIMA TRANSACCIÓN
- campo de control: 20240305094533.0
008 - DATOS DE LONGITUD FIJA
- campo de control de longitud fija: 200615|| aca||aabn | a|a d
040 ## - FUENTE DE LA CATALOGACIÓN
- Centro catalogador/agencia de origen: DO-SdBNP
- Lengua de catalogación: spa
- Centro/agencia transcriptor: BNPHU
- Normas de descripción: rda
100 1# - ENCABEZAMIENTO-NOMBRE DE PERSONA
- Nombre de persona: Ureña Rib, Fernando,
- Fechas asociadas al nombre: 1951-
370 ## - LUGAR ASOCIADO
- Lugar de nacimiento: La Romana (República Dominicana)
- Lugar de fallecimiento: Berlín (Alemania)
375 ## - GÉNERO/SEXO
- Género/Sexo: Masculino
377 ## - LENGUA/LENGUAJE ASOCIADO
- Código del idioma: Español
670 ## - FUENTE DE DATOS ENCONTRADOS
- Cita de la fuente: Work cat.: (OSt)12766: Ureña Rib, Fernando, 1951-, El olor de las yeguas /, 2004.
670 ## - FUENTE DE DATOS ENCONTRADOS
- Cita de la fuente: Tolentino, M. de. Fernando Ureña Rib, 1989:
